| 000 | 00581nam a2200205Ia 4500 | ||
|---|---|---|---|
| 005 | 20250508151124.0 | ||
| 008 | 008 250505s9999 xx 000 0 eng d | ||
| 037 | _aTextBook | ||
| 040 |
_aFEDL _beng _cFEDL |
||
| 041 |
_aeng _2eng |
||
| 084 |
_a376, INT _qFEDL |
||
| 245 | 0 | _aAccess of women to education | |
| 245 | 0 | _cUNESCO | |
| 260 |
_aParis, France _bUnited Nations Education, Scientific and Cultural Organization _c1952 |
||
| 300 | _a207p | ||
| 365 | _aGifted | ||
| 650 |
_aWomen Education _9444207 |
||
| 942 |
_cTB _h376, INT |
||
| 999 |
_c1327713 _d1327713 |
||